| 000 | 01306nam a2200289Ia 4500 | ||
|---|---|---|---|
| 001 | C9623 | ||
| 003 | IT-RoPAU | ||
| 008 | 130308s9999 xx 000 0 und d | ||
| 040 | _aIT-RoPAU | ||
| 040 | _cIT-RoPAU | ||
| 041 | _aITALIANO | ||
| 100 | _aAA.VV. | ||
| 100 | _gCodice Aut. SPICS: 12000 | ||
| 245 | _aEnchiridion biblicum - Documenti della chiesa sulla sacra scrittura | ||
| 245 | _bEnchiridion Biblicum - Documenti della Chiesa Sulla sacra Scrittura | ||
| 250 | _a2a ed. | ||
| 260 | _aBOLOGNA | ||
| 260 | _bEDB - Edizioni Dehoniane | ||
| 260 | _c1994 [1° Ed.:1927 - Ed.Ling.Originale:1927] | ||
| 300 | _a"1472 p. (prefazione: 24; testo: 1448 [pagine: 0-0])" | ||
| 500 | _aEdizione bilingue in Latino e Italiano. Testi che vanno dal Frammento Muratoriano del Ii Secolo al Discorso del 23 Aprile 1993 di Giovanni Paolo Ii.121 Documenti Disposti in Ordine cronologico su un Arco di 19 Secoli. chiude un Documento della Pcb Sull'Interpretazione della Bibbia nella Chiesa. Indici Vari: Scritturistico, indice delle Fonti, indice Analitico degli Argomenti. Volume a cura di Alfio Filippi ed Erminio Lora. Traduzione di Stefano Bittasi e Luca Ravaglia. | ||
| 650 | _aSTUDI/COMMENTI SULLA BIBBIA | ||
| 650 | _eCodice materia Spics: 9052 | ||
| 942 | _cBK | ||
| 957 | _71 | ||
| 999 |
_c95284 _d95284 |
||
| 999 | _g1 | ||